Quizzes
Events
Quiz Creation
Community
Videos
Private Events
Remove Ads
Sign In
Join for FREE
Feedback
Dark Mode
Quiz Categories
Sports
Geography
Music
Movies
Television
Just For Fun
Miscellaneous
History
Literature
Language
Science
Gaming
Entertainment
Religion
Holiday
For Kids
Quiz Lab
Recent
Popular Today
Quiz Kudos Today
Editor Picks
Curator Picks
Quizzes by...
Day
Popularity
Type
Ratings
Length
Year
Community
Subscriptions
Recent Discussions
Orange Saloon
Badges
Playlists
Quests
Create
Leaderboards
Showdown
Live 5
Trivia Bingo
Activity
Puzzle Library
Sporcle Events
Private Events
Virtual Trivia
Globe League
Become a Host
Pub Owners
SporcleCon
Opinionation
Our Games
Videos
Blog
Mobile Apps
Partnerships
Remove Ads and Go Orange
Feedback
Miscellaneous
Crossword
General Knowledge
Baby Names
Logo
Food
Cars
Numbers
Grab Bag
University
College
Popular
Company
Slogans
Restaurants
Justice
Letter
Miscellaneous
Crossword
General Knowledge
Baby Names
Logo
Food
Cars
Numbers
Grab Bag
University
College
Popular
Company
Slogans
Restaurants
Justice
Letter
Random Quiz
Search Sporcle
×
Quiz Lab
Quiz Lab
Miscellaneous
Vowel-free
Type in answers that appear in a list
Type in answers that appear in a list
Classic
Best Score? Go Orange.
Missing Vowels Quiz IV Stats
Can you find the answers to the categories that have had their vowels and spaces removed?
By
slandp
6m
30 Questions
58 Plays
58 Plays
58 Plays
Comments
Comments
Give Quiz Kudos
Give Quiz Kudos
-
- Ratings
hide this ad
Replay
Link that replays current quiz
Next Quiz
Link to next quiz in quiz playlist
You Got
0%
They Got
Avg Score
73%
Avg Friend Score
Upgrade to see
Score Distribution
Jump to the score distribution portion of the page
Score
0/30
Timer
06:00
0
Plays Today
Hint
Answer
% Correct
Domesticated Animal
Goldfish
96.6%
Summer Olympic Event
Archery
91.4%
Domesticated Animal
Llama
91.4%
Landlocked Country
Vatican City
89.7%
Summer Olympic Event
Badminton
89.7%
Italian City (English Name)
Florence
89.7%
Greek Letter Name
Gamma
87.9%
Domesticated Animal
Ferret
87.9%
Summer Olympic Event
Water Polo
86.2%
Domesticated Animal
Guinea Pig
86.2%
Italian City (English Name)
Venice
84.5%
Greek Letter Name
Kappa
84.5%
Italian City (English Name)
Milan
82.8%
Famous Philosopher
Socrates
81%
Famous Philosopher
Karl Marx
81%
Hint
Answer
% Correct
Greek Letter Name
Omega
79.3%
Landlocked Country
Andorra
74.1%
Landlocked Country
Lesotho
72.4%
Landlocked Country
Swaziland
69%
Greek Letter Name
Alpha
69%
Famous Philosopher
Plato
69%
Summer Olympic Event
Rugby Sevens
67.2%
Landlocked Country
Liechtenstein
65.5%
Domesticated Animal
Western Honey Bee
62.1%
Summer Olympic Event
Pentathlon
60.3%
Greek Letter Name
Epsilon
60.3%
Italian City (English Name)
Bologna
55.2%
Famous Philosopher
Immanuel Kant
32.8%
Famous Philosopher
René Descartes
27.6%
Italian City (English Name)
Cagliari
20.7%
Quiz Playlist
Details
Report
Send in Message
Add To Playlist
Classic:
Type in answers that appear in a list
Last Updated: Mar 8, 2017
Quiz Scoreboard
CHALLENGE
Sign Up to Join the Scoreboard
Show All
Scores
Hide
Comments
May contain spoilers
Recently Published
Popular People in 1961
by mucciniale
History
6m
1-10 Letter E Words III
by El_Dandy
Language
2m
One Thing in Common: World Cities II
by knightlancer
Geography
7m
More to Explore
Quiz From the Vault
Featured Blog Post
Where Did the Easter Bunny Come From?
hide this ad
You Might Also Like...
Tags
Missing Vowels
Vowel
Vowel-free
Today's Top Quizzes in Miscellaneous
Browse Miscellaneous
hide this ad
Today's Top Quizzes in Vowel-free
Browse Vowel-free
Top Contributed Quizzes in Miscellaneous
1
The JOE quick-fire general knowledge quiz: Day 173
2
The JOE quick-fire general knowledge quiz: Day 172
3
Sunday Crossword: Famous Bodies of Water
4
Named After an Animal - Odd One Out!
5
sort kpop groups by number of members
6
One Thing in Common: United Kingdom II
7
The JOE quick-fire general knowledge quiz: Day 171
8
Lays Potato Chip Flavour Contest Finalists
9
The JOE quick-fire quiz: Day 170
10
Sunday Crossword: Themeless #5
Explore More
Trending Topics
Crossword
Disney
NBA
Kpop
Marvel
Anime
Harry Potter
Puzzle
The Office
Pokémon
WWE
Country
NFL
Soccer
Song
hide this ad
More By:
slandp
Quiz
Plays
Rating
Category
Featured
Created
Odd One Out
1,961
4.44
Miscellaneous
Mar 31, 2017
25 Answers Wrong I
1,523
4.43
Miscellaneous
Mar 8, 2017
English Football: Ultimate Quiz
807
4.50
Sports
Apr 10, 2017
Espan-Deutsch: Movie Titles
540
4.67
Language
Mar 21, 2017
That Mitchell and Webb Look: Ultimate Quiz
484
5.00
Television
Mar 13, 2017
Go to Creator's Profile
Score Distribution
Quiz Creator Spotlight
slandp
Follow
Send a Message
Quizzes Created
-
Created Quiz Play Count
-
More By This Creator
Popular Quizzes Today
1
Find the US States - No Outlines Minefield
2
The Countries of the World
3
Find the Countries of Europe - No Outlines Minefield
4
Popular People in 1961
5
1-10 Letter E Words III
6
Find the US States
7
One Thing in Common: World Cities II
8
US States
More Miscellaneous Quizzes
Trivia Triangles: Household Objects
Published
Trending Quizzes
Risky Map Clicking: Least Populous States A-Z
1-10 Letter F Words
1-10 Letter G Words
One Thing in Common: United Kingdom
Risky Map Clicking: Next State Alphabetically
Recently Updated
Leaping Animals
pecheneg
Reality TV Shows (A-Z)
bhenderson79
Rickey Henderson's Hall of Fame Teammates
pecheneg
Champions League XIs: Arsenal
pecheneg
Quick Pick: Celebrities in WWE's Hall of Fame
aduchscher
A-Z Keypad Blitz II
pecheneg
Multiple Oscar Actors
pecheneg
Mystery Phrase Blitz: Oscar 'Best Actors'
pecheneg
F. Scott Fitzgerald Novels
LTH
Pick 3 Villains
ddd62291
Trending Topics
Harry Potter
Crossword
NBA
Marvel
Kpop
Anime
Disney
The Office
Puzzle
Song
Soccer
Country
NFL
WWE
Pokémon
Your Account Isn't Verified!
In order to create a playlist on Sporcle, you need to verify the email address you used during registration. Go to your
Sporcle Settings
to finish the process.
Report this User
Report this user for behavior that violates our
Community Guidelines
.
Details:
Send Report
Go to the Sporcle.com Mobile Site →
Comments